000 00624nam a22002297a 4500
003 UA-OsUOA
001 100027
007 ta
008 20130521b un ||||| |||| 00| 0 ukr d
100 _aУварова Л.
090 _a821.161.1
_bУ18
942 _cBK
040 _aUA-OsUOA
_brus
_cUA-OsUOA
_dUA-OsUOA
245 _aОльховка слушает
_bрассказы
300 _a220 с.
955 _a3
041 _arus
080 _a821.161.1
260 _aМ.
_bСоветский писатель
_c1959
650 7 _a82 Література. Літературознавство
_2UDC
999 _c386272
_d386272